00758nam a2200169 4500003000900000020001800009040002800027245017100055250003800226260005400264300002500318490009600343500004100439650003500480650003500515650003800550CO-ViMGA a9789587850369 aCO-ViMGAbspacCO-ViMGA10aSikuani pe-liwaisianu : relatos del pueblo sikuani /cDocentes y estudiantes de la comunidad Sikuani de Awariba y domoplanas, Institución Educativa Indígena Umuma aEdicion de Alberto Ramirez Santos aBogota :bMinisterio de Educacion Nacional,c2017 a59 p. :bil. ; color aRio de letrasaTerritorios NarradosaPlan Nacional de Lectura y Escritura Leer es mi Cuento aTexto bilingue : sikuani - español14aLeyendas indigenas colombianas14aLiteratura indigena colombiana14aSikuanixVida social y costumbres